Lịch sử triết học /

Triết học Trung Quốc cổ đại - trung đại; Triết học ấn Độ cổ đại - trung đại; Triết học Hy Lạp và La Mã cổ đại; Triết học Tây Âu thời kỳ trung cổ; Triết học Tây Âu thời kỳ Phục hưng và cận đại; Triết học cổ điển Đức; Triết học Mác - Lênin…....

Full description

Saved in:
Bibliographic Details
Main Author: Nguyễn Hữu Vui, GS.PTS.
Other Authors: ., Nguyễn Duy Quý, GS.TS., Hà Văn Tấn, GS.
Format: Book
Language:Vietnamese
Published: Hà Nội : Chính trị quốc gia, 1998.
Subjects:
Tags: Add Tag
No Tags, Be the first to tag this record!
Institutions: Mạng thư viện Đại học Đà Nẵng
LEADER 01314cam a2200373 i 4500
001 000042422
003 296
005 20041029144110.0
008 010217b1998 vm 000 vie
020 |c 47000 
022 |a T 
040 |a IRC  |c IRC  |d IRC 
041 0 |a vie 
082 1 4 |a 110  |b NG-V 
100 1 |a Nguyễn Hữu Vui,  |c GS.PTS. 
245 1 0 |a Lịch sử triết học /  |c Nguyễn Hữu Vui (Chủ biên), Nguyễn Duy Quý, Hà Văn Tấn…. 
260 |a Hà Nội :  |b Chính trị quốc gia,  |c 1998. 
300 |a 646 tr. ;  |c 20,5 cm. 
520 3 |a Triết học Trung Quốc cổ đại - trung đại; Triết học ấn Độ cổ đại - trung đại; Triết học Hy Lạp và La Mã cổ đại; Triết học Tây Âu thời kỳ trung cổ; Triết học Tây Âu thời kỳ Phục hưng và cận đại; Triết học cổ điển Đức; Triết học Mác - Lênin…. 
630 0 4 |a Triết học. 
650 0 4 |a Triết học  |x Lịch sử. 
700 2 |a . 
700 1 |a Nguyễn Duy Quý,  |c GS.TS. 
700 1 |a Hà Văn Tấn,  |c GS. 
OWN |a DUT 
999 |a From the UDN01 
TYP |a Monograph 
TYP |a Printed language 
980 |a Mạng thư viện Đại học Đà Nẵng